000 00857nam a2200241 i 4500
001 167913
003 ES-MaACL
005 20250815062652.0
008 931025s1900 sp |||| | spa d
040 _bspa
_cPAB
100 1 _aWestermarck, R.
_9133910
245 1 0 _aHistoria del Matrimonio en la especie humana /
_cpor R. Westermarck ; introducción de Alfredo R. Wallace.
260 _aMadrid :
_bLa España Moderna,
_c[s.a.]
300 _a576 p. ;
_c22 cm.
490 1 _aBiblioteca de Jurisprudencia, Filosofía é Historia
650 4 _aMatrimonio-
_vHistoria
_914857
700 1 1 _aWallace, Alfredo R.,
_epr.
_9133866
700 2 1 _aLa España Moderna,
_eed.
_9187741
752 _aEspaña -
_dMadrid
830 0 0 _aBiblioteca de jurisprudencia, filosofía e historia
_9180691
852 _aES-MaACL
_jF-14832
_z-- Rust.
999 _c167913
_d167913